| 000 | 01298cam a22003617a 4500 | ||
|---|---|---|---|
| 001 | 15718304 | ||
| 005 | 20170105102347.0 | ||
| 008 | 090429s2008 ne 000 0 eng | ||
| 010 | _a 2009927662 | ||
| 015 |
_aGBA890687 _2bnb |
||
| 016 | 7 |
_a014673974 _2Uk |
|
| 020 | _a9780387758176 (hbk.) | ||
| 020 | _a0387758178 (hbk.) | ||
| 035 | _a(OCoLC)ocn227916894 | ||
| 040 |
_aUKM _cUKM _dBTCTA _dYDXCP _dBWX _dCDX _dC#P _dDLC |
||
| 042 | _alccopycat | ||
| 050 | 0 | 0 |
_aQA329.9 _b.A36 2009 |
| 082 | 0 | 4 |
_a515.7248 _222 |
| 100 | 1 | _aAgarwal, Ravi P. | |
| 245 | 1 | 0 |
_aFixed point theory for Lipschitzian-type mappings with applications _c Ravi P. Agarwal, Donal O'Regan and D.R. Sahu. |
| 260 |
_aDordrecht ; _aNew York : _bSpringer, _cc2009. |
||
| 300 |
_ax, 368 p. ; _c25 cm. |
||
| 490 | 1 |
_aTopological fixed point theory and its applications ; _vv. 6 |
|
| 504 | _aIncludes bibliographical references and index. | ||
| 650 | 0 | _aFixed point theory. | |
| 700 | 1 | _aO'Regan, Donal. | |
| 700 | 1 | _aSahu, D. R. | |
| 830 | 0 |
_aTopological fixed point theory and its applications ; _vv. 6. |
|
| 906 |
_a7 _bcbc _ccopycat _d2 _encip _f20 _gy-gencatlg |
||
| 942 |
_2ddc _cBK |
||
| 999 |
_c11736 _d11736 |
||